Kadra Chelsea sezon 2017/2018 - Statystyki

Ogólne statystyki
  • Ten quiz został rozwiązany 104 razy
  • Średni wynik to 15 z 22
Statystyki odpowiedzi
pozycja # kraj piłkarz % Poprawnych
P 7 FRA N'Golo Kante
97%
B 13 BEL Thibaut Courtois
97%
P 10 BEL Eden Hazard
95%
O 28 ESP Cesar Azpilicueta
93%
N 9 ESP Alvaro Morata
92%
O 2 GER Antonio Rudiger
92%
O 27 DEN Andreas Christensen
90%
B 1 ARG Willy Caballero
86%
O 3 ESP Marcos Alonso
81%
P 22 BRA Willian
81%
P 4 ESP Cesc Fabregas
80%
P 11 ESP Pedro
78%
O 30 BRA David Luiz
75%
Trener - ITA Antonio Conte
73%
P 15 NGA Victor Moses
69%
O 24 ENG Gary Cahill
66%
N 23 BEL Michy Batshuayi
64%
P 14 FRA Tiemoue Bakayoko
39%
P 17 BEL Charly Musonda
34%
P 16 BRA Kenedy
30%
B 37 POR Eduardo
23%
P 34 ENG Lewis Baker
6%
Nie znaleziono quizów pasujących do podanych kryteriów
Rozkład punktacji
Procent ludzi z każdym wynikiem
Percentyl według liczby udzielonych odpowiedzi
Twoja historia wyników
Nie rozwiązałeś tego quizu